Plant physiology and development
Uloženo v:
| Hlavní autoři: | , , , |
|---|---|
| Médium: | Kniha |
| Jazyk: | angličtina |
| Vydáno: |
Sunderland
Sinauer Associates, Inc. Publishers
2015
|
| Vydání: | 6a. ed |
| Témata: | |
| Tagy: |
Přidat tag
Žádné tagy, Buďte první, kdo vytvoří štítek k tomuto záznamu!
|
MARC
| LEADER | 00000cam a2200000 a 4500 | ||
|---|---|---|---|
| 001 | UCE5434 | ||
| 003 | CL-VaPUC | ||
| 005 | 20240809124900.0 | ||
| 008 | 150109e20150000us |||||||||||||||||eng|d | ||
| 999 | |c 358152 |d 358150 | ||
| 020 | |a 9781605352558 | ||
| 040 | |c Pontificia Universidad Católica de Valparaíso | ||
| 082 | 0 | 4 | |a 571.2 |b TAI |2 21 |
| 100 | 0 | |a Taiz, Lincoln |e author |9 578060 | |
| 245 | 1 | 0 | |a Plant physiology and development |
| 250 | |a 6a. ed | ||
| 260 | |a Sunderland |b Sinauer Associates, Inc. Publishers |c 2015 | ||
| 300 | |a 761 p | ||
| 583 | |a last modification |c 20150109 08:57:00 |k Rodrigo Vera | ||
| 650 | 0 | |a Fisiología vegetal |x Bioquímica |x Células vegetales |9 426114 | |
| 650 | 0 | |a Fisiología vegetal |x Plantas |x Floración |9 890634 | |
| 700 | 0 | |a Zeiger, Eduardo |e author |9 578061 | |
| 700 | 0 | |a Moller, Ian Max |e author |9 578062 | |
| 700 | 0 | |a Murphy, Angus |e author |9 578063 | |
| 942 | |c BK |2 ddc | ||
| 945 | |d 20150109 08:57:00 |a dcastane | ||
| 952 | |0 0 |1 0 |3 erd |4 0 |6 571_200000000000000_TAI_2015 |7 0 |8 A |9 466677 |a BIBAGR |b BIBAGR |i 5133815 |l 5 |o 571.2 TAI 2015 |p 5133815 |r 2025-01-20 |s 2024-09-02 |w 2019-11-23 |y BK |z Catalogado en:20150109 |k AGR | ||
| 952 | |0 0 |1 0 |3 erd |4 0 |6 571_200000000000000_TAI_2015 |7 0 |8 A |9 466678 |a BIBAGR |b BIBAGR |i 5133823 |l 4 |m 1 |o 571.2 TAI 2015 |p 5133823 |r 2025-01-20 |s 2024-10-01 |w 2019-11-23 |y BK |z Catalogado en:20150109 |k AGR | ||
| 952 | |0 0 |1 0 |3 erd |4 0 |6 571_200000000000000_TAI_2015 |7 0 |8 A |9 466679 |a BIBAGR |b BIBAGR |i 5133831 |l 3 |o 571.2 TAI 2015 |p 5133831 |r 2025-01-20 |s 2024-12-10 |w 2019-11-23 |y BK |z Catalogado en:20150109 |k AGR | ||